header

MCITP Microsoft Windows Vista (Record no. 5010)

MARC details
000 -LEADER
fixed length control field 01283nam a2200325Ia 4500
100 1# - MAIN ENTRY--AUTHOR NAME
Personal name Johnson, Eric,
245 10 - TITLE STATEMENT
Title MCITP Microsoft Windows Vista
250 ## - EDITION STATEMENT
Edition statement 1st ed.
260 ## - PUBLICATION, DISTRIBUTION, ETC. (IMPRINT)
Place of publication Indianapolis, IN :
Name of publisher Wiley Pub.,
Year of publication 2008.
300 ## - PHYSICAL DESCRIPTION
Number of Pages xxxvi, 509 p.
500 ## - GENERAL NOTE
General note Includes index.
650 #0 - SUBJECT ADDED ENTRY--TOPICAL TERM
Topical Term Electronic data processing personnel
Topical Term Microsoft software
700 1# - ADDED ENTRY--PERSONAL NAME
Personal name Beehler, Eric,
856 40 - ELECTRONIC LOCATION AND ACCESS
Uniform Resource Identifier http://site.ebrary.com/lib/rucke/Doc?id=10278513

No items available.

© 2026 Rongo University
Contact us: librarian | system librarian | Rongo university